000 05276nam a22004455i 4500
001 978-981-99-7309-5
003 DE-He213
005 20250131131505.0
007 cr nn 008mamaa
008 240208s2024 si | s |||| 0|eng d
020 _a9789819973095
_9978-981-99-7309-5
024 7 _a10.1007/978-981-99-7309-5
_2doi
040 _aKO
_beng
041 0 _aeng
082 0 4 _a320.95
_223
245 1 0 _aIndia and ASEAN in the Indo Pacific
_h[electronic resource] :
_bPathways and Perils /
_cedited by Swaran Singh, Reena Marwah.
250 _a1st ed. 2024.
264 1 _aSingapore :
_bSpringer Nature Singapore :
_bImprint: Palgrave Macmillan,
_c2024.
300 _aXV, 325 p. 15 illus., 14 illus. in color.
_bonline resource.
338 _aonline resource
505 0 _aChapter 1: India-ASEAN Confluence: Centrality and Synergies -- Part A: Maritime Confluence -- Chapter 2: Locating AOIP-IPOI convergences in evolving maritime consciousness -- Chapter 3: Maritime security cooperation between India and ASEAN -- Chapter 4: Evolving geopolitics of the Indo-Pacific: India-ASEAN Engagement in constraining China -- Chapter 5: Building a community of shared future in Indo-Pacific region: Challenges and potential -- Chapter 6: Can India-ASEAN partnership reinvigorate the Indo-Pacific? -- Part B: Sub-regional linkages -- Chapter 7: Changing economic alignments: A sub-regional perspective -- Chapter 8: Indian Ocean axis of India's free and open Indo-Pacific vision -- Chapter 9: Andaman & Nicobar islands: India's new maritime frontier in the Indo-Pacific -- Chapter 10: Shared initiatives in education and knowledge between ASEAN and the Indo-Pacific countries for sustainability -- Part B: Major Partnerships -- Chapter 11: The rise of the Indo-Pacific and the theoretical foundations of India-Indonesia defence cooperation -- Chapter 12: AOIP-IPOI's conflux: A perspective from the Philippines -- Chapter 13: India-Vietnam security convergence in Indo-Pacific: through the lens of AOIP-IPOI synergy -- Chapter 14: Big power rivalry in the Indo-Pacific: Situating India's role.
520 _aThis book investigates India-ASEAN partnership and their overlapping perspective on the Indo-Pacific region and big powers' contestation and competition in this region providing specific nuances and newer insights. It is policy-oriented and examines the confluence of ASEAN's Outlook for Indo-Pacific (AOIP) and India's Indo-Pacific Oceans Initiative (IPOI). It brings out various contemporary geopolitical drivers that highlight the hidden complementarities and gaps in India-ASEAN multi-sectoral connectivity and its future. The book provides a balanced assessment of evolving trends, undergirded by theoretical debates and empirical analyses with diverse sub-regional and country perspectives of the intersection between the potential for regional convergence, domestic capacity issues, and security interests. It is thus of immense use for thinktanks and media commentators, policy makers, and researchers of Indo-Pacific & Asian affairs, international relations, and China-US relations, interested in evolving contours of Indo-Pacific geopolitics. Swaran Singh is a professor in Jawaharlal Nehru University (New Delhi). He is president of Association of Asia Scholars, director India for Washington-based The Millennium Project's South Asia Foresight Network, Fellow of Canadian Global Affairs Institute (Calgary), Member of Governing Body of Society of Indian Ocean Studies (New Delhi) and formerly visiting professor in department of political science, University of British Columbia (Vancouver), Australian National University (Canberra), Science Po (Bordeaux), University of the Philippines (Manila) and several other universities across China and other parts of Asia. He has supervised 40 PhDs and 50 MPhil degrees and sits on various selection committee and editorial/advisory boards of prestigious journals. He is a well published author and regularly for CGTN and other radio and television discussion. Reena Marwah is a professor in Jesus and Mary College, Delhi University. She is the recipient of several national and international fellowships including the McNamara Fellowship of the World Bank, Asia fellowship of the Asian Scholarship Foundation and the ICSSR Senior Fellowship. She has been a Consultant for the World Bank and UN Women. She is the founding editor of Millennial Asia, a quarterly Scopus journal on Asian Studies of the Association of Asia Scholars. She has published over twenty books and several research papers and articles in national and international journals.
650 0 _aAsia
_xPolitics and government.
650 0 _aInternational relations.
650 0 _aSecurity, International.
650 0 _aRegionalism.
650 0 _aDiplomacy.
650 1 4 _aAsian Politics.
650 2 4 _aForeign Policy.
650 2 4 _aInternational Security Studies.
650 2 4 _aRegionalism.
650 2 4 _aDiplomacy.
700 1 _aSingh, Swaran.
_eeditor.
_4edt
_4http://id.loc.gov/vocabulary/relators/edt
700 1 _aMarwah, Reena.
_eeditor.
_4edt
_4http://id.loc.gov/vocabulary/relators/edt
856 4 0 _uhttps://doi.org/10.1007/978-981-99-7309-5
904 _aRUDRA_R
905 _aR_RANJAN
942 _2ddc
_cEB
999 _c3209
_d3209